| Tag |
First Indicator |
Second Indicator |
Subfields |
| LEADER |
00000cam a2200000 4500 |
| 001 |
in00000053741 |
| 005 |
20151008050856.0 |
| 008 |
720410s1936 nyuab b 00010 eng u |
| 010 |
|
|
|a 36004291
|
| 035 |
|
|
|a (OCoLC)00279711
|
| 035 |
|
|
|9 AAG3978AM
|
| 040 |
|
|
|c YNG
|d OCL
|d TXA
|d UtOrBLW
|
| 049 |
|
|
|a TXAM
|c [414186]
|
| 050 |
|
0 |
|a HC240
|b .H4
|
| 092 |
|
|
|a 330.94
|b H442e
|
| 100 |
1 |
|
|a Heaton, Herbert,
|d 1890-1973.
|
| 245 |
1 |
0 |
|a Economic history of Europe /
|c by Herbert Heaton ...
|
| 264 |
|
1 |
|a New York,
|a London :
|b Harper,
|c 1936.
|
| 300 |
|
|
|a 775 pages :
|b illustrations, maps (2 double including frontispiece) diagrams
|
| 336 |
|
|
|a text
|b txt
|2 rdacontent
|
| 337 |
|
|
|a unmediated
|b n
|2 rdamedia
|
| 338 |
|
|
|a volume
|b nc
|2 rdacarrier
|
| 490 |
1 |
|
|a Harper's historical series
|
| 500 |
|
|
|a "First edition."
|
| 504 |
|
|
|a Bibliography at end of each chapter.
|
| 651 |
|
0 |
|a Europe
|x Economic conditions.
|
| 830 |
|
0 |
|a Harper's historical series.
|
| 999 |
|
|
|a MARS
|
| 999 |
f |
f |
|s e3cee953-e21a-3363-9645-41a3c82701c3
|i 39206567-730e-3497-b84c-7e9e9c2a150b
|t 0
|
| 952 |
f |
f |
|p ric
|a Texas A&M University
|b Rellis Campus
|c Joint Library Facility
|d Remote Storage
|t 0
|e HC240 .H4
|h Library of Congress classification
|i unmediated -- volume
|m A14800700160
|
| 998 |
f |
f |
|a HC240 .H4
|t 0
|l Remote Storage
|